[Event "D"]
[Site "?"]
[Date "2018.08.25"]
[Round "6.5"]
[White "Szuber, Dawid"]
[Black "Mrozek, Zofia"]
[Result "1-0"]
[BlackElo "1268"]
[WhiteElo "1349"]
[LiveChessVersion "1.4.8"]

1. e4 {[%clk 1:20:57]} c5 {[%clk 1:30:56]} 2. Nf3 {[%clk 1:21:23]} Nc6
{[%clk 1:31:09]} 3. d4 {[%clk 1:21:48]} cxd4 {[%clk 1:31:34]} 4. Nxd4
{[%clk 1:22:14]} Nf6 {[%clk 1:32:00]} 5. Nc3 {[%clk 1:22:40]} g6 {[%clk 1:32:19]}
6. Be3 {[%clk 1:21:09]} Bg7 {[%clk 1:32:46]} 7. Be2 {[%clk 1:20:27]} O-O
{[%clk 1:33:09]} 8. O-O {[%clk 1:20:49]} d5 {[%clk 1:33:10]} 9. exd5
{[%clk 1:20:15]} Nxd5 {[%clk 1:33:01]} 10. Nxd5 {[%clk 1:11:52]} Qxd5
{[%clk 1:32:26]} 11. Bf3 {[%clk 1:10:37]} Qd7 {[%clk 1:29:21]} 12. Nxc6
{[%clk 1:10:03]} bxc6 {[%clk 1:29:34]} 13. Qxd7 {[%clk 1:10:27]} Bxd7
{[%clk 1:29:59]} 14. Rad1 {[%clk 1:10:34]} Rfd8 {[%clk 1:29:18]} 15. b3
{[%clk 1:10:58]} a6 {[%clk 1:26:54]} 16. Bb6 {[%clk 1:09:31]} Rdb8
{[%clk 1:25:59]} 17. Bc7 {[%clk 1:08:15]} Rb7 {[%clk 1:26:00]} 18. Rxd7
{[%clk 1:08:28]} Raa7 {[%clk 1:22:56]} 19. Rd8+ {[%clk 1:07:51]} Bf8
{[%clk 1:22:57]} 20. Bf4 {[%clk 1:08:09]} Kg7 {[%clk 1:22:38]} 21. Be3
{[%clk 1:07:05]} Rd7 {[%clk 1:21:30]} 22. Rxd7 {[%clk 1:07:20]} Rxd7
{[%clk 1:21:50]} 23. Bxc6 {[%clk 1:07:26]} Rc7 {[%clk 1:22:05]} 24. Be4
{[%clk 1:07:51]} e6 {[%clk 1:22:26]} 25. c4 {[%clk 1:08:01]} Bb4 {[%clk 1:22:40]}
26. Bd4+ {[%clk 1:08:14]} Kg8 {[%clk 1:22:49]} 27. Be3 {[%clk 1:08:13]} Ba3
{[%clk 1:22:30]} 28. Rd1 {[%clk 1:08:03]} Rc8 {[%clk 1:22:39]} 29. Rd7
{[%clk 1:08:01]} a5 {[%clk 1:22:42]} 30. Bd4 {[%clk 1:07:18]} Bb4
{[%clk 1:22:45]} 31. Bf6 {[%clk 1:07:27]} Rb8 {[%clk 1:22:35]} 32. Rd8+
{[%clk 1:07:36]} Rxd8 {[%clk 1:22:58]} 33. Bxd8 {[%clk 1:07:56]} Kf8
{[%clk 1:23:25]} 34. Bc6 {[%clk 1:08:18]} Kg7 {[%clk 1:23:46]} 35. Kf1
{[%clk 1:08:36]} Kf8 {[%clk 1:24:02]} 36. Ke2 {[%clk 1:09:00]} Kg7
{[%clk 1:24:29]} 37. Kd3 {[%clk 1:09:22]} Kf8 {[%clk 1:24:53]} 38. Kd4
{[%clk 1:09:34]} Be1 {[%clk 1:25:04]} 39. f3 {[%clk 1:09:24]} Bf2+
{[%clk 1:25:32]} 40. Ke5 {[%clk 1:09:47]} Bc5 {[%clk 1:25:40]} 41. Bxa5
{[%clk 1:09:55]} Ke7 {[%clk 1:25:51]} 42. h3 {[%clk 1:10:01]} f6+
{[%clk 1:26:06]} 43. Ke4 {[%clk 1:10:16]} Kd6 {[%clk 1:26:25]} 44. Bb5
{[%clk 1:10:29]} f5+ {[%clk 1:26:46]} 45. Kd3 {[%clk 1:10:43]} Ke5
{[%clk 1:26:30]} 46. b4 {[%clk 1:11:00]} Bd6 {[%clk 1:26:02]} 47. c5
{[%clk 1:11:22]} Bb8 {[%clk 1:26:28]} 48. Ke3 {[%clk 1:11:36]} g5
{[%clk 1:26:20]} 49. c6 {[%clk 1:11:49]} Kd6 {[%clk 1:26:46]} 50. c7
{[%clk 1:12:09]} Bxc7 {[%clk 1:27:12]} 51. Bxc7+ {[%clk 1:12:31]} Kxc7
{[%clk 1:27:40]} 52. a4 {[%clk 1:12:45]} h6 {[%clk 1:27:57]} 53. Bc4
{[%clk 1:13:02]} e5 {[%clk 1:28:22]} 54. a5 {[%clk 1:13:15]} Kb7 {[%clk 1:28:48]}
55. b5 {[%clk 1:13:39]} Kb8 {[%clk 1:29:13]} 56. a6 {[%clk 1:14:03]} Ka7
{[%clk 1:29:41]} 57. Be6 {[%clk 1:14:24]} Kb6 {[%clk 1:30:07]} 58. Bxf5
{[%clk 1:14:48]} Ka7 {[%clk 1:30:33]} 59. Ke4 {[%clk 1:15:13]} Kb6
{[%clk 1:30:59]} 60. Kxe5 {[%clk 1:15:35]} Ka7 {[%clk 1:31:26]} 61. h4
{[%clk 1:15:53]} gxh4 {[%clk 1:31:08]} 62. Kd5 {[%clk 1:16:18]} h5
{[%clk 1:31:23]} 63. Kc6 {[%clk 1:16:26]} h3 {[%clk 1:31:48]} 64. gxh3
{[%clk 1:16:52]} h4 {[%clk 1:32:14]} 65. b6+ {[%clk 1:16:39]} Kb8
{[%clk 1:32:36]} 66. a7+ {[%clk 1:16:50]} Ka8 {[%clk 1:33:04]} 67. b7+
{[%clk 1:17:13]} Kxa7 {[%clk 1:33:29]} 68. Kc7 {[%clk 1:17:40]} Ka6
{[%clk 1:33:54]} 69. b8=Q {[%clk 1:17:58]} Ka5 {[%clk 1:34:23]} 70. Qb3
{[%clk 1:17:58]} Ka6 {[%clk 1:34:47]} 71. Qb6# {[%clk 1:18:24]} 1-0

[Event "D"]
[Site "?"]
[Date "2018.08.25"]
[Round "6.6"]
[White "Krupa, Dominik"]
[Black "Goral, Jan"]
[Result "0-1"]
[BlackElo "1471"]
[WhiteElo "1258"]
[LiveChessVersion "1.4.8"]

1. e4 {[%clk 1:30:45]} c5 {[%clk 1:30:46]} 2. Nf3 {[%clk 1:31:04]} Nc6
{[%clk 1:30:52]} 3. Bb5 {[%clk 1:31:22]} g6 {[%clk 1:30:59]} 4. O-O
{[%clk 1:31:30]} Bg7 {[%clk 1:30:53]} 5. c3 {[%clk 1:30:45]} Nf6 {[%clk 1:29:27]}
6. Re1 {[%clk 1:30:53]} d5 {[%clk 1:25:45]} 7. e5 {[%clk 1:29:42]} Ng4
{[%clk 1:23:54]} 8. d4 {[%clk 1:27:49]} cxd4 {[%clk 1:23:17]} 9. cxd4
{[%clk 1:26:50]} O-O {[%clk 1:22:56]} 10. Nc3 {[%clk 1:22:41]} Nh6
{[%clk 1:22:14]} 11. h3 {[%clk 1:19:56]} a6 {[%clk 1:21:10]} 12. Ba4
{[%clk 1:19:18]} Nf5 {[%clk 1:15:03]} 13. Bb3 {[%clk 1:17:12]} e6
{[%clk 1:15:04]} 14. Bg5 {[%clk 1:16:25]} Qc7 {[%clk 1:11:35]} 15. Rc1
{[%clk 1:14:33]} b5 {[%clk 1:10:50]} 16. g4 {[%clk 1:11:34]} Nfe7
{[%clk 1:04:05]} 17. Bxe7 {[%clk 1:07:51]} Qxe7 {[%clk 1:04:26]} 18. Nxd5
{[%clk 1:07:23]} exd5 {[%clk 1:04:43]} 19. Rxc6 {[%clk 1:06:47]} Be6
{[%clk 1:04:36]} 20. Rd6 {[%clk 1:02:41]} Rfd8 {[%clk 1:04:32]} 21. Rxd8+
{[%clk 1:02:11]} Rxd8 {[%clk 1:04:44]} 22. Qd2 {[%clk 1:01:49]} Ra8
{[%clk 1:00:33]} 23. Qa5 {[%clk 1:00:30]} Qd7 {[%clk 0:57:47]} 24. Kh1
{[%clk 0:53:27]} Bh6 {[%clk 0:55:22]} 25. g5 {[%clk 0:53:08]} Bf8
{[%clk 0:55:28]} 26. h4 {[%clk 0:49:54]} Bf5 {[%clk 0:54:04]} 27. Rc1
{[%clk 0:48:33]} Be4 {[%clk 0:53:53]} 28. Kh2 {[%clk 0:43:29]} Bxf3
{[%clk 0:53:18]} 29. Rg1 {[%clk 0:40:17]} Qf5 {[%clk 0:52:26]} 30. Qd2
{[%clk 0:38:51]} Be4 {[%clk 0:52:10]} 31. Bd1 {[%clk 0:38:14]} Bb4
{[%clk 0:50:06]} 32. Qe3 {[%clk 0:37:18]} Qe6 {[%clk 0:50:01]} 33. Rg3
{[%clk 0:35:51]} Rc8 {[%clk 0:49:13]} 34. h5 {[%clk 0:35:26]} Bf5
{[%clk 0:47:34]} 35. hxg6 {[%clk 0:34:32]} hxg6 {[%clk 0:47:39]} 36. a3
{[%clk 0:33:03]} Ba5 {[%clk 0:47:39]} 37. Bb3 {[%clk 0:31:42]} Kg7
{[%clk 0:47:38]} 38. Qf4 {[%clk 0:26:58]} Rh8+ {[%clk 0:47:42]} 39. Kg1
{[%clk 0:27:07]} Bb6 {[%clk 0:46:36]} 40. Rc3 {[%clk 0:24:12]} Be4
{[%clk 0:37:38]} 41. Qf6+ {[%clk 0:19:21]} Qxf6 {[%clk 0:37:46]} 42. gxf6+
{[%clk 0:19:05]} Kg8 {[%clk 0:37:54]} 43. Rc8+ {[%clk 0:18:59]} Kh7
{[%clk 0:38:18]} 44. Rc6 {[%clk 0:18:36]} Bxd4 {[%clk 0:38:39]} 45. e6
{[%clk 0:16:22]} fxe6 {[%clk 0:38:50]} 46. Rxe6 {[%clk 0:16:36]} Rf8
{[%clk 0:38:37]} 47. Re7+ {[%clk 0:15:43]} Kh6 {[%clk 0:38:41]} 48. f7
{[%clk 0:14:49]} Bxb2 {[%clk 0:38:34]} 49. a4 {[%clk 0:14:32]} Kg7
{[%clk 0:38:23]} 50. axb5 {[%clk 0:12:58]} axb5 {[%clk 0:38:44]} 51. Rb7
{[%clk 0:12:56]} Rxf7 {[%clk 0:38:27]} 52. Rxb5 {[%clk 0:12:56]} Bd4
{[%clk 0:38:42]} 53. Bxd5 {[%clk 0:12:30]} Bxd5 {[%clk 0:39:04]} 54. Rxd5
{[%clk 0:12:19]} Bxf2+ {[%clk 0:39:29]} 55. Kg2 {[%clk 0:12:41]} Bh4
{[%clk 0:39:35]} 56. Kh3 {[%clk 0:12:57]} g5 {[%clk 0:39:56]} 57. Kg4
{[%clk 0:12:15]} Kg6 {[%clk 0:40:06]} 58. Rd4 {[%clk 0:12:06]} Bf2
{[%clk 0:40:02]} 59. Rc4 {[%clk 0:12:06]} Be3 {[%clk 0:40:05]} 60. Rc8
{[%clk 0:11:13]} Rf4+ {[%clk 0:40:14]} 61. Kg3 {[%clk 0:11:08]} Bf2+
{[%clk 0:39:46]} 62. Kh3 {[%clk 0:10:54]} Kf5 {[%clk 0:39:19]} 63. Rf8+
{[%clk 0:10:04]} Ke4 {[%clk 0:39:41]} 64. Rg8 {[%clk 0:09:53]} Bh4
{[%clk 0:39:42]} 65. Rg7 {[%clk 0:09:02]} Kf3 {[%clk 0:39:25]} 66. Rg8
{[%clk 0:08:19]} Bf2 {[%clk 0:39:10]} 67. Rh8 {[%clk 0:06:24]} g4+
{[%clk 0:38:58]} 68. Kh2 {[%clk 0:06:39]} g3+ {[%clk 0:39:20]} 69. Kh3
{[%clk 0:06:28]} g2 {[%clk 0:39:02]} 70. Rf8 {[%clk 0:05:57]} g1=N+
{[%clk 0:39:04]} 71. Kh2 {[%clk 0:05:52]} Rxf8 {[%clk 0:39:28]} 72. Kh1
{[%clk 0:06:02]} Rh8# {[%clk 0:39:53]} 0-1

[Event "D"]
[Site "?"]
[Date "2018.08.25"]
[Round "6.7"]
[White "Walaszczyk, Mikolaj"]
[Black "Cieply, Krzysztof"]
[Result "1/2-1/2"]
[BlackElo "1400"]
[WhiteElo "1217"]
[LiveChessVersion "1.4.8"]

1. e4 {[%clk 1:30:12]} c5 {[%clk 1:30:52]} 2. c4 {[%clk 1:30:18]} e6
{[%clk 1:30:45]} 3. Nf3 {[%clk 1:30:00]} Nc6 {[%clk 1:31:05]} 4. d4
{[%clk 1:29:38]} cxd4 {[%clk 1:31:31]} 5. Nxd4 {[%clk 1:30:01]} Nf6
{[%clk 1:31:54]} 6. Nc3 {[%clk 1:30:00]} Bb4 {[%clk 1:32:17]} 7. Nxc6
{[%clk 1:29:52]} bxc6 {[%clk 1:32:42]} 8. Bd3 {[%clk 1:29:44]} O-O
{[%clk 1:33:00]} 9. O-O {[%clk 1:29:21]} Bxc3 {[%clk 1:33:21]} 10. bxc3
{[%clk 1:29:39]} d5 {[%clk 1:33:40]} 11. cxd5 {[%clk 1:29:51]} cxd5
{[%clk 1:33:27]} 12. exd5 {[%clk 1:30:03]} Nxd5 {[%clk 1:33:45]} 13. Be4
{[%clk 1:30:15]} Rb8 {[%clk 1:33:56]} 14. Bxd5 {[%clk 1:30:33]} exd5
{[%clk 1:34:15]} 15. Re1 {[%clk 1:29:55]} Be6 {[%clk 1:34:36]} 16. Be3
{[%clk 1:29:42]} Rb7 {[%clk 1:34:35]} 17. Qd4 {[%clk 1:28:50]} Qd7
{[%clk 1:34:37]} 18. Rab1 {[%clk 1:28:30]} Rfb8 {[%clk 1:34:50]} 19. Rxb7
{[%clk 1:27:56]} Rxb7 {[%clk 1:35:10]} 20. h3 {[%clk 1:27:34]} h6
{[%clk 1:35:28]} 21. Bf4 {[%clk 1:17:04]} Rb2 22. a3 {[%clk 1:16:32]} Ra2
{[%clk 1:33:21]} 23. Bc1 {[%clk 1:16:53]} a5 {[%clk 1:32:03]} 24. Qe3
{[%clk 1:11:21]} Qb5 {[%clk 1:31:59]} 25. Qg3 {[%clk 1:05:23]} Kh8
{[%clk 1:31:54]} 26. Qe3 {[%clk 1:04:11]} Rc2 {[%clk 1:30:47]} 27. Qe5
{[%clk 1:01:31]} Kh7 {[%clk 1:30:54]} 28. Be3 {[%clk 0:57:06]} Qd3
{[%clk 1:29:27]} 29. Bd4 {[%clk 0:57:04]} Qg6 {[%clk 1:29:32]} 30. Qg3
{[%clk 0:56:32]} Qxg3 {[%clk 1:29:41]} 31. fxg3 {[%clk 0:56:46]} Bf5
{[%clk 1:29:27]} 32. Rf1 {[%clk 0:55:41]} Kg6 {[%clk 1:29:47]} 33. Rf2
{[%clk 0:55:21]} a4 {[%clk 1:30:01]} 34. Rxc2 {[%clk 0:53:22]} Bxc2
{[%clk 1:30:24]} 35. Kf2 {[%clk 0:53:42]} f6 {[%clk 1:30:44]} 36. Bc5
{[%clk 0:52:53]} Kf7 {[%clk 1:30:50]} 37. Bb4 {[%clk 0:51:44]} g6
{[%clk 1:31:14]} 38. Bc5 {[%clk 0:52:00]} Ke6 {[%clk 1:31:19]} 39. Bb4
{[%clk 0:51:56]} f5 {[%clk 1:31:33]} 40. Bc5 {[%clk 0:51:14]} h5 {[%clk 1:30:51]}
41. Bb4 {[%clk 0:51:16]} Ke5 {[%clk 1:31:12]} 42. Ke3 {[%clk 0:50:36]} Ke6
{[%clk 1:31:22]} 43. Kf2 {[%clk 0:50:59]} Kd7 {[%clk 1:31:43]} 44. Kf3
{[%clk 0:50:27]} Be4+ {[%clk 1:32:06]} 45. Kf2 {[%clk 0:50:51]} Kc6
{[%clk 1:32:30]} 46. Kf1 {[%clk 0:50:57]} Kb5 {[%clk 1:32:54]} 47. Kf2
{[%clk 0:51:17]} Kc4 {[%clk 1:33:19]} 48. Kf1 {[%clk 0:51:41]} Kd3
{[%clk 1:33:37]} 49. Kf2 {[%clk 0:52:07]} Kc2 {[%clk 1:33:06]} 50. Kf1
{[%clk 0:52:27]} Kd2 51. c4+ Kc1 1/2-1/2

[Event "D"]
[Site "?"]
[Date "2018.08.25"]
[Round "6.8"]
[White "Grzebieniowski, Michal"]
[Black "Zawada, Radoslaw"]
[Result "1/2-1/2"]
[BlackElo "1192"]
[WhiteElo "1385"]
[LiveChessVersion "1.4.8"]

1. e4 {[%clk 1:30:58]} c5 2. Nf3 e6 {[%clk 1:31:08]} 3. d4 {[%clk 1:31:44]} cxd4
{[%clk 1:31:34]} 4. Nxd4 {[%clk 1:31:59]} Nf6 {[%clk 1:32:01]} 5. Nc3
{[%clk 1:32:21]} Nc6 {[%clk 1:32:11]} 6. Ndb5 {[%clk 1:32:31]} Bb4
{[%clk 1:32:11]} 7. a3 {[%clk 1:32:44]} Bxc3+ {[%clk 1:31:53]} 8. Nxc3
{[%clk 1:33:04]} a6 {[%clk 1:32:19]} 9. Be3 {[%clk 1:32:38]} O-O {[%clk 1:31:51]}
10. Be2 {[%clk 1:32:50]} h6 {[%clk 1:29:16]} 11. O-O {[%clk 1:32:13]} b5
{[%clk 1:29:36]} 12. f4 {[%clk 1:29:41]} Ne7 {[%clk 1:27:00]} 13. Bc5
{[%clk 1:24:06]} Re8 {[%clk 1:24:43]} 14. Qd2 {[%clk 1:07:05]} Bb7
{[%clk 1:24:28]} 15. Bf3 {[%clk 1:01:18]} Bc6 {[%clk 1:10:36]} 16. Qe3
{[%clk 0:52:24]} Qc8 {[%clk 1:06:41]} 17. Bd4 {[%clk 0:44:52]} Nh7
{[%clk 1:04:35]} 18. Qf2 {[%clk 0:41:40]} f6 {[%clk 1:00:20]} 19. Ne2
{[%clk 0:36:21]} Qb8 {[%clk 0:54:00]} 20. Qh4 {[%clk 0:27:33]} e5
{[%clk 0:49:27]} 21. fxe5 {[%clk 0:27:01]} fxe5 {[%clk 0:49:55]} 22. Bc3
{[%clk 0:27:05]} Nf6 {[%clk 0:49:06]} 23. Qg3 {[%clk 0:18:49]} d6
{[%clk 0:46:30]} 24. Qh4 {[%clk 0:18:10]} Qb7 {[%clk 0:45:32]} 25. Qg3
{[%clk 0:14:38]} Rf8 {[%clk 0:43:24]} 26. Bd2 {[%clk 0:14:33]} Kh7
{[%clk 0:42:51]} 27. Nc3 {[%clk 0:14:48]} a5 {[%clk 0:42:30]} 28. Rae1
{[%clk 0:14:12]} a4 {[%clk 0:40:23]} 29. Kh1 {[%clk 0:14:16]} Rad8
{[%clk 0:40:04]} 30. h3 {[%clk 0:14:14]} Qb6 {[%clk 0:38:58]} 31. Be3
{[%clk 0:14:18]} Qb7 {[%clk 0:39:23]} 32. Bd2 {[%clk 0:14:38]} 1/2-1/2

[Event "D"]
[Site "?"]
[Date "2018.08.25"]
[Round "6.9"]
[White "Kussowski, Mateusz"]
[Black "Zaborski, Igor"]
[Result "1/2-1/2"]
[BlackElo "1320"]
[WhiteElo "1201"]
[LiveChessVersion "1.4.8"]

1. f4 {[%clk 1:30:59]} Nf6 {[%clk 1:30:52]} 2. Nf3 {[%clk 1:31:21]} g6
{[%clk 1:31:16]} 3. e3 {[%clk 1:31:32]} Bg7 {[%clk 1:31:36]} 4. Nc3
{[%clk 1:31:54]} d6 {[%clk 1:31:41]} 5. b3 {[%clk 1:32:13]} Nc6 {[%clk 1:31:47]}
6. Bb5 {[%clk 1:32:06]} O-O {[%clk 1:31:47]} 7. Bb2 {[%clk 1:32:26]} Bd7
{[%clk 1:31:56]} 8. O-O {[%clk 1:32:44]} a6 {[%clk 1:32:04]} 9. Bxc6
{[%clk 1:32:49]} Bxc6 {[%clk 1:32:09]} 10. Rb1 {[%clk 1:32:42]} b5
{[%clk 1:29:49]} 11. Qe1 {[%clk 1:30:40]} Qd7 {[%clk 1:28:52]} 12. Ne2
{[%clk 1:29:19]} Rfe8 {[%clk 1:25:12]} 13. Qh4 {[%clk 1:26:16]} h5
{[%clk 1:21:03]} 14. Ned4 {[%clk 1:21:51]} Bb7 {[%clk 1:19:03]} 15. Ng5
{[%clk 1:18:47]} Ne4 {[%clk 1:17:59]} 16. Nxe4 {[%clk 1:18:20]} Bxe4
{[%clk 1:18:18]} 17. d3 {[%clk 1:18:25]} Bb7 {[%clk 1:17:10]} 18. e4
{[%clk 1:18:03]} c5 {[%clk 1:16:04]} 19. Nf3 {[%clk 1:17:26]} Bxb2
{[%clk 1:15:05]} 20. Rxb2 {[%clk 1:17:46]} d5 {[%clk 1:14:51]} 21. e5
{[%clk 1:14:24]} d4 {[%clk 1:14:14]} 22. Ng5 {[%clk 1:14:02]} f6 {[%clk 1:04:49]}
23. Nf3 {[%clk 1:11:40]} Bxf3 {[%clk 1:03:54]} 24. Rxf3 {[%clk 1:11:59]} Qf5
{[%clk 1:01:58]} 25. Qg3 {[%clk 1:10:41]} Kg7 {[%clk 1:01:44]} 26. Rb1
{[%clk 1:10:18]} a5 {[%clk 1:01:30]} 27. Rff1 {[%clk 1:09:37]} Red8
{[%clk 0:59:56]} 28. a4 {[%clk 1:08:38]} bxa4 {[%clk 0:58:10]} 29. bxa4
{[%clk 1:08:56]} Rab8 {[%clk 0:58:23]} 30. Rfe1 {[%clk 1:07:59]} Qg4
{[%clk 0:50:51]} 31. Qxg4 {[%clk 1:06:43]} hxg4 {[%clk 0:50:17]} 32. exf6+
{[%clk 1:06:51]} Kxf6 {[%clk 0:49:38]} 33. Kf2 {[%clk 1:06:49]} Rb4
{[%clk 0:49:49]} 34. Rxb4 {[%clk 1:06:48]} cxb4 {[%clk 0:48:55]} 35. Re5
{[%clk 1:05:26]} Rc8 {[%clk 0:45:56]} 36. Rxa5 {[%clk 1:05:38]} Rxc2+
{[%clk 0:46:07]} 37. Kg3 {[%clk 1:05:58]} Rc3 {[%clk 0:45:58]} 38. Rb5
{[%clk 1:05:58]} Rxd3+ {[%clk 0:45:25]} 39. Kxg4 {[%clk 1:06:16]} b3
{[%clk 0:45:22]} 40. Rb4 {[%clk 1:06:22]} Rd2 {[%clk 0:45:11]} 41. Rxb3
{[%clk 1:05:47]} Rxg2+ {[%clk 0:45:24]} 42. Kh3 {[%clk 1:05:34]} Ra2
{[%clk 0:45:08]} 43. Rb4 {[%clk 1:05:34]} d3 {[%clk 0:42:22]} 44. Rd4
{[%clk 1:05:44]} d2 {[%clk 0:42:28]} 45. Kg4 {[%clk 1:05:37]} e5 {[%clk 0:28:13]}
46. Rd6+ {[%clk 1:05:50]} Ke7 {[%clk 0:27:57]} 47. fxe5 {[%clk 1:06:12]} Rxa4+
{[%clk 0:28:13]} 48. Kg5 {[%clk 1:06:31]} Ra2 {[%clk 0:28:14]} 49. Kxg6
{[%clk 1:06:27]} Ra6 {[%clk 0:27:21]} 50. Rxa6 {[%clk 1:06:06]} d1=Q
{[%clk 0:27:38]} 51. Rf6 {[%clk 1:05:09]} Qg1+ {[%clk 0:27:11]} 52. Kf5
{[%clk 1:05:04]} Qxh2 {[%clk 0:23:23]} 53. Re6+ {[%clk 1:05:27]} Kd7
{[%clk 0:23:07]} 54. Rd6+ {[%clk 1:05:50]} Kc7 {[%clk 0:22:52]} 55. Ke6
{[%clk 1:05:50]} Qh6+ {[%clk 0:22:21]} 56. Kd5 {[%clk 1:06:11]} Qh3
{[%clk 0:20:10]} 57. Ke4 {[%clk 1:06:09]} Qg4+ {[%clk 0:20:00]} 58. Kd5
{[%clk 1:06:08]} Qg8+ {[%clk 0:19:27]} 59. Ke4 {[%clk 1:06:21]} Qc4+
{[%clk 0:16:51]} 60. Kf5 {[%clk 1:06:30]} Qf7+ {[%clk 0:15:36]} 61. Ke4
{[%clk 1:05:28]} Qf8 {[%clk 0:13:09]} 62. Kd5 {[%clk 1:04:54]} Qa8+
{[%clk 0:12:20]} 63. Ke6 {[%clk 1:05:07]} Qe8+ 64. Kd5 Qf7+ 65. Kd4 1/2-1/2

[Event "D"]
[Site "?"]
[Date "2018.08.25"]
[Round "6.10"]
[White "Miler, Franciszek"]
[Black "Sleczka, Krzysztof"]
[Result "1-0"]
[BlackElo "1214"]
[WhiteElo "1315"]
[LiveChessVersion "1.4.8"]

1. e4 {[%clk 1:30:58]} e5 {[%clk 1:30:57]} 2. Nf3 {[%clk 1:31:18]} Nc6
{[%clk 1:31:24]} 3. Bc4 {[%clk 1:31:42]} Bc5 {[%clk 1:31:49]} 4. O-O
{[%clk 1:32:07]} Nf6 {[%clk 1:31:34]} 5. d4 {[%clk 1:32:31]} Nxd4
{[%clk 1:30:34]} 6. Nxe5 {[%clk 1:32:53]} O-O {[%clk 1:28:37]} 7. Be3
{[%clk 1:33:18]} Ne6 {[%clk 1:21:32]} 8. Bxe6 {[%clk 1:33:29]} Bxe3
{[%clk 1:20:28]} 9. Bxf7+ {[%clk 1:32:25]} Rxf7 {[%clk 1:20:24]} 10. Nxf7
{[%clk 1:32:53]} Kxf7 {[%clk 1:20:53]} 11. fxe3 {[%clk 1:32:57]} Kg8
{[%clk 1:20:31]} 12. e5 {[%clk 1:33:12]} Ne8 {[%clk 1:18:13]} 13. Qd5+ 1-0

[Event "D"]
[Site "?"]
[Date "2018.08.25"]
[Round "7.1"]
[White "Barwinska, Ewa"]
[Black "Bednarczyk, Mateusz"]
[Result "1-0"]
[BlackElo "1451"]
[WhiteElo "1451"]
[LiveChessVersion "1.4.8"]

1. e4 {[%clk 1:30:49]} c5 {[%clk 1:30:56]} 2. Nf3 {[%clk 1:31:10]} e6
{[%clk 1:31:22]} 3. d4 {[%clk 1:31:17]} cxd4 {[%clk 1:31:49]} 4. Nxd4
{[%clk 1:31:11]} Nf6 {[%clk 1:32:15]} 5. Nc3 {[%clk 1:31:23]} Nc6
{[%clk 1:32:43]} 6. Ndb5 {[%clk 1:30:53]} Bb4 {[%clk 1:33:02]} 7. a3
{[%clk 1:29:54]} Bxc3+ {[%clk 1:33:28]} 8. Nxc3 {[%clk 1:29:45]} d5
{[%clk 1:33:40]} 9. exd5 {[%clk 1:28:25]} exd5 {[%clk 1:34:07]} 10. Bd3
{[%clk 1:26:41]} d4 {[%clk 1:34:06]} 11. Ne4 {[%clk 1:24:33]} Bf5
{[%clk 1:32:17]} 12. Nxf6+ {[%clk 1:23:57]} Qxf6 {[%clk 1:32:39]} 13. Qe2+
{[%clk 1:23:49]} Be6 {[%clk 1:32:56]} 14. O-O {[%clk 1:22:19]} O-O
{[%clk 1:32:52]} 15. Bd2 {[%clk 1:19:12]} Bf5 {[%clk 1:30:14]} 16. Rfe1
{[%clk 1:16:08]} Bxd3 {[%clk 1:29:20]} 17. Qxd3 {[%clk 1:16:29]} Ne5
{[%clk 1:28:00]} 18. Qb5 {[%clk 1:12:22]} Nc6 {[%clk 1:26:20]} 19. Rad1
{[%clk 1:05:34]} a6 {[%clk 1:24:36]} 20. Qxb7 {[%clk 1:02:08]} Rab8
{[%clk 1:24:34]} 21. Qxa6 {[%clk 1:02:02]} Rxb2 {[%clk 1:24:22]} 22. Qa4
{[%clk 1:01:38]} Qg6 {[%clk 1:22:09]} 23. Bb4 {[%clk 1:00:30]} Nxb4
{[%clk 1:21:31]} 24. axb4 {[%clk 1:00:53]} Rxc2 {[%clk 1:18:09]} 25. Re8
{[%clk 0:56:18]} Rc8 {[%clk 1:17:41]} 26. Rxf8+ {[%clk 0:56:12]} Kxf8
{[%clk 1:16:50]} 27. Qd7 {[%clk 0:55:42]} Qe6 {[%clk 1:15:11]} 28. Qxd4
{[%clk 0:55:34]} h6 {[%clk 1:14:10]} 29. h3 {[%clk 0:55:48]} Qc4 {[%clk 1:14:21]}
30. Qxc4 {[%clk 0:55:07]} Rxc4 {[%clk 1:14:44]} 31. Rb1 {[%clk 0:55:14]} Ke7
{[%clk 1:15:01]} 32. b5 {[%clk 0:55:06]} Rc8 {[%clk 1:15:12]} 33. Kh2
{[%clk 0:55:26]} Rb8 {[%clk 1:15:36]} 34. Kg3 {[%clk 0:55:48]} Rb6
{[%clk 1:15:22]} 35. f4 {[%clk 0:56:06]} Kf6 {[%clk 1:15:35]} 36. Kf3
{[%clk 0:56:09]} h5 {[%clk 1:15:30]} 37. g4 {[%clk 0:56:01]} hxg4+
{[%clk 1:15:54]} 38. hxg4 {[%clk 0:55:58]} g5 {[%clk 1:14:56]} 39. f5
{[%clk 0:56:21]} Ke5 {[%clk 1:15:20]} 40. Ke3 {[%clk 0:55:55]} f6
{[%clk 1:14:46]} 41. Rb2 {[%clk 0:55:32]} Kd5 {[%clk 1:14:56]} 42. Kd3
{[%clk 0:55:51]} Rd6 {[%clk 1:10:36]} 43. b6 {[%clk 0:53:45]} Kc6+
{[%clk 1:09:42]} 44. Kc4 {[%clk 0:48:21]} Kb7 {[%clk 1:09:46]} 45. Kc5
{[%clk 0:47:34]} Rd1 {[%clk 1:09:48]} 46. Rb4 {[%clk 0:44:57]} Rf1
{[%clk 1:07:28]} 47. Kd5 {[%clk 0:37:45]} Rf4 {[%clk 0:56:39]} 48. Rxf4
{[%clk 0:37:27]} gxf4 {[%clk 0:57:06]} 49. Ke4 {[%clk 0:37:52]} Kxb6 50. Kxf4 Kc6
{[%clk 0:57:22]} 51. g5 {[%clk 0:38:03]} Kd7 {[%clk 0:57:45]} 52. g6
{[%clk 0:37:45]} Ke7 {[%clk 0:57:44]} 53. Ke4 {[%clk 0:38:11]} Ke8
{[%clk 0:57:52]} 54. Kd5 {[%clk 0:38:34]} Ke7 {[%clk 0:58:04]} 55. g7
{[%clk 0:38:02]} Kf7 {[%clk 0:58:31]} 56. g8=Q+ {[%clk 0:38:19]} Kxg8
{[%clk 0:58:57]} 57. Ke6 {[%clk 0:38:43]} Kg7 {[%clk 0:59:22]} 58. Ke7
{[%clk 0:39:09]} Kg8 {[%clk 0:59:03]} 59. Kxf6 {[%clk 0:39:36]} Kf8
{[%clk 0:59:27]} 60. Kg6 {[%clk 0:40:02]} Ke7 {[%clk 0:59:39]} 61. Kg7 1-0

[Event "D"]
[Site "?"]
[Date "2018.08.25"]
[Round "7.2"]
[White "Kolarz, Maciej"]
[Black "Szuber, Dawid"]
[Result "1-0"]
[BlackElo "1349"]
[WhiteElo "1378"]
[LiveChessVersion "1.4.8"]

1. d4 e6 2. c4 Nf6 3. Nc3 Bb4 4. Qc2 b6 5. Nf3 Bb7 6. Bg5 O-O 7. e3 h6 8. Bxf6
Qxf6 9. Be2 d6 10. O-O Bxc3 11. Qxc3 Nd7 12. Rfd1 Rfd8 13. Rac1 Rac8 14. b4 c5
15. dxc5 Qxc3 16. Rxc3 dxc5 17. Rcd3 Bxf3 18. Bxf3 Rc7 19. b5 Kf8 20. Bc6 Ke7 21.
Kf1 g6 22. f4 Ke8 23. Kf2 Ke7 24. e4 h5 25. g4 hxg4 26. e5 Ke8 27. Kg3 Ke7 28.
Kxg4 Ke8 29. Kg5 Ke7 30. h4 Ke8 31. Kh6 a5 32. Kg7 a4 33. Rxd7 Rcxd7 34. Rxd7
Rxd7 35. Bxd7+ Kxd7 36. Kxf7 Kd8 37. Kxg6 Ke7 38. Kg7 1-0